000 00699nam a22001817a 4500
003 BD-DhUL
005 20180522132105.0
008 180522s1941 ii ||||| |||| 00| 0 ben d
040 _aBD-DhUL
_cBD-DhUL
082 _a891.443
_bPRM
100 1 _aঠাকুর, প্রবোধেন্দুনাথ
245 0 0 _aমরসুমী /
_cপ্রবোধেন্দুনাথ ঠাকুর
260 _aকলিকাতা :
_bসুশীলকুমার বন্দ্যোপাধ্যায়,
_c১৯৪১।
300 _a৯৬ পৃ. ;
_c২২ সেমি.।
650 4 _aবাংলা উপন্যাস
650 4 _aBengali fiction
942 _2ddc
_cBK
999 _c241454
_d241454